[Event "Titled Tuesday intern op 21st April"]
[Site "Chess.com INT"]
[Date "2020.04.21"]
[Round "4"]
[White "Mazanchenko, Dmitry"]
[Black "Syed Anwar, Shazuli"]
[Result "0-1"]
[WhiteElo "2161"]
[BlackElo "2113"]
[PlyCount "90"]
[EventDate "2020.04.21"]
[EventType "swiss (blitz)"]
[EventRounds "10"]
[EventCountry "USA"]
[SourceTitle "EXT 2021"]
[Source "ChessBase"]
[SourceDate "2020.10.23"]
[SourceVersion "1"]
[SourceVersionDate "2020.10.23"]
[SourceQuality "1"]

1. e4 c6 2. d4 d5 3. exd5 cxd5 4. c4 Nf6 5. Nc3 e6 6. Nf3 Bb4 7. a3 Bxc3+ 8. bxc3 0-0 9. cxd5 exd5 10. Be2 Ne4 11. Qc2 Bf5 12. Bd3 Qc7 13. Bb2 Bg6 14. 0-0 Nc6 15. Nh4 Rfe8 16. Nxg6 hxg6 17. c4 Qb6 18. Bxe4 dxe4 19. d5 Nd4 20. Bxd4 Qxd4 21. Rfd1 Qc5 22. Rab1 Rac8 23. Rxb7 e3 24. fxe3 Rxe3 25. Qf2 f6 26. Rb5 Qxa3 27. d6 Rd3 28. Rd5 Rxd5 29. cxd5 Qxd6 30. Qxa7 Rc5 31. h3 Kh7 32. Qa2 Rb5 33. Qd2 Rb3 34. h4 Rb4 35. h5 gxh5 36. Qe2 Qc5+ 37. Qf2 Qxf2+ 38. Kxf2 Rb7 39. Kf3 Kg6 40. Ke4 Kf7 41. Kd4 Ke7 42. Kc5 Rb2 43. Rd4 Rc2+ 44. Kb6 Kd6 45. g3 Rb2+ 0-1

[Event "Titled Tuesday intern op 21st April"]
[Site "Chess.com INT"]
[Date "2020.04.21"]
[Round "1"]
[White "Nguyen, Ngoc Truong Son"]
[Black "Syed Anwar, Shazuli"]
[Result "1-0"]
[WhiteElo "2641"]
[BlackElo "2113"]
[PlyCount "117"]
[EventDate "2020.04.21"]
[EventType "swiss (blitz)"]
[EventRounds "10"]
[EventCountry "USA"]
[SourceTitle "EXT 2021"]
[Source "ChessBase"]
[SourceDate "2020.10.23"]
[SourceVersion "1"]
[SourceVersionDate "2020.10.23"]
[SourceQuality "1"]

1. e4 c6 2. d4 d5 3. exd5 cxd5 4. Bd3 Nf6 5. c3 Nc6 6. h3 g6 7. Nf3 Bg7 8. 0-0 0-0 9. Bf4 Bf5 10. Be2 Rc8 11. Nbd2 Ne4 12. Re1 Nxd2 13. Qxd2 Be4 14. Nh2 e5 15. dxe5 Nxe5 16. Rad1 Qa5 17. a3 Rfd8 18. Bf1 Nc4 19. Bxc4 dxc4 20. Qe3 Rxd1 21. Rxd1 Bd3 22. Re1 Qb5 23. Qd2 Re8 24. Rxe8+ Qxe8 25. Nf3 b5 26. Be3 a5 27. Bd4 Qe4 28. Bxg7 Kxg7 29. Qe3 Qb7 30. Nd4 b4 31. Qe5+ Kg8 32. Qxa5 bxc3 33. bxc3 Qb1+ 34. Kh2 Qe1 35. Nf3 Qxf2 36. Qd8+ Kg7 37. Qd4+ Qxd4 38. Nxd4 Kf6 39. a4 Ke5 40. a5 Ke4 41. a6 Ke3 42. a7 Be4 43. g4 Kd3 44. Nb5 g5 45. Kg3 h6 46. Kf2 Kd2 47. Nd6 Bd5 48. Nxc4+ Kxc3 49. Nb6 Bc6 50. Ke3 Kb4 51. a8Q Bxa8 52. Nxa8 Kc5 53. Ke4 Kd6 54. Kf5 Kd5 55. Kf6 Ke4 56. Kxf7 Kf4 57. Kg6 Kg3 58. Kxh6 Kxh3 59. Kxg5 1-0

[Event "Titled Tuesday intern op 21st April"]
[Site "Chess.com INT"]
[Date "2020.04.21"]
[Round "5"]
[White "Pantzar, Milton"]
[Black "Syed Anwar, Shazuli"]
[Result "0-1"]
[WhiteElo "2417"]
[BlackElo "2113"]
[PlyCount "100"]
[EventDate "2020.04.21"]
[EventType "swiss (blitz)"]
[EventRounds "10"]
[EventCountry "USA"]
[SourceTitle "EXT 2021"]
[Source "ChessBase"]
[SourceDate "2020.10.23"]
[SourceVersion "1"]
[SourceVersionDate "2020.10.23"]
[SourceQuality "1"]

1. Nf3 d5 2. c4 dxc4 3. e3 Nf6 4. Bxc4 e6 5. d4 a6 6. 0-0 b5 7. Bd3 Bb7 8. a4 b4 9. Nbd2 c5 10. e4 c4 11. Nxc4 Nxe4 12. Re1 Nf6 13. a5 Be7 14. Qa4+ Bc6 15. Qb3 0-0 16. Bd2 Bxf3 17. gxf3 Qxd4 18. Bg5 Nd5 19. Re4 Qc5 20. Bd2 Nc6 21. Rc1 Nxa5 22. Qd1 Nxc4 23. Rcxc4 Qb6 24. Rg4 Rfd8 25. Qc2 Nf6 26. Rh4 g6 27. Be3 Qd6 28. Rhd4 Qe5 29. Rxd8+ Rxd8 30. f4 Qa5 31. Rc7 Nd5 32. Rc8 Nxe3 33. fxe3 Kg7 34. Rxd8 Bxd8 35. Kf2 Bf6 36. b3 Bc3 37. Qe2 Qd8 38. Bxa6 Qh4+ 39. Kg2 h5 40. Bd3 Qd8 41. Bc4 Qa8+ 42. Qf3 Qa2+ 43. Qf2 Qb1 44. Qe2 Qe4+ 45. Qf3 Qc2+ 46. Qf2 Qc1 47. Qe2 Bd2 48. Kf2 Bc3 49. Kg2 h4 50. Kf2 Qh1 0-1

[Event "Titled Tuesday intern op 21st April"]
[Site "Chess.com INT"]
[Date "2020.04.21"]
[Round "9"]
[White "Syed Anwar, Shazuli"]
[Black "Corvi, Marco"]
[Result "1-0"]
[WhiteElo "2113"]
[BlackElo "2258"]
[PlyCount "77"]
[EventDate "2020.04.21"]
[EventType "swiss (blitz)"]
[EventRounds "10"]
[EventCountry "USA"]
[SourceTitle "EXT 2021"]
[Source "ChessBase"]
[SourceDate "2020.10.23"]
[SourceVersion "1"]
[SourceVersionDate "2020.10.23"]
[SourceQuality "1"]

1. Nf3 f5 2. d4 Nf6 3. g3 g6 4. Bg2 Bg7 5. 0-0 d6 6. c4 0-0 7. Nc3 Nc6 8. b3 e5 9. Bb2 e4 10. Ne1 Bd7 11. e3 Ne7 12. Rc1 c6 13. d5 c5 14. f3 exf3 15. Bxf3 g5 16. Qc2 Ng6 17. e4 f4 18. Ne2 g4 19. Bh1 f3 20. Nxf3 gxf3 21. Bxf3 Qe7 22. Nf4 Nxf4 23. gxf4 Kh8 24. e5 Ng8 25. e6 Be8 26. Be4 Nf6 27. Bd3 Rg8 28. Kh1 Bh5 29. Rf2 Raf8 30. Rg1 Ne8 31. Bxh7 Bxb2 32. Bxg8 Rxg8 33. Qxb2+ Qf6 34. Qxf6+ Nxf6 35. Rg5 Ne4 36. Rxh5+ Kg7 37. Rg2+ Kf8 38. e7+ Kxe7 39. Rxg8 1-0

[Event "Titled Tuesday intern op 21st April"]
[Site "Chess.com INT"]
[Date "2020.04.21"]
[Round "7"]
[White "Syed Anwar, Shazuli"]
[Black "Gamayev, Oleg"]
[Result "1/2-1/2"]
[WhiteElo "2113"]
[BlackElo "2174"]
[PlyCount "123"]
[EventDate "2020.04.21"]
[EventType "swiss (blitz)"]
[EventRounds "10"]
[EventCountry "USA"]
[SourceTitle "EXT 2021"]
[Source "ChessBase"]
[SourceDate "2020.10.23"]
[SourceVersion "1"]
[SourceVersionDate "2020.10.23"]
[SourceQuality "1"]

1. Nf3 d6 2. d4 Nf6 3. b3 Nbd7 4. Bb2 c6 5. g3 Qc7 6. Bg2 e5 7. 0-0 Be7 8. c4 exd4 9. Nxd4 Nb6 10. Nc3 0-0 11. Rc1 a5 12. e3 a4 13. Qc2 axb3 14. axb3 Re8 15. Rfd1 Bf8 16. Nce2 Nbd7 17. Nf4 Nc5 18. Nd3 Nxd3 19. Qxd3 Nd7 20. Qc2 Nc5 21. Ne2 Qb6 22. Nd4 Bg4 23. Rd2 Bh5 24. Bc3 Bg6 25. Qd1 Be4 26. b4 Na4 27. Bxe4 Rxe4 28. Qb3 Nxc3 29. Qxc3 g6 30. Ne2 Ree8 31. Qb3 Qa6 32. Rb1 Qb6 33. b5 Qc7 34. bxc6 bxc6 35. Qb7 Qxb7 36. Rxb7 Ra4 37. Rc2 Re4 38. c5 dxc5 39. Rc7 Re6 40. Kg2 Ra6 41. Nf4 Re4 42. Rc8 Kg7 43. Nd3 c4 44. Nf4 h5 45. h4 Bd6 46. Ne2 Be5 47. Nc3 Bxc3 48. Rxc3 Kf6 49. Rd8 Ra5 50. Rd6+ Re6 51. Rd4 Rc5 52. Kf3 Ke7 53. Rdxc4 Rxc4 54. Rxc4 Kd6 55. Ke2 c5 56. Kd3 Kd5 57. Ra4 f5 58. f3 Rb6 59. Kc3 Re6 60. Kd3 Rb6 61. Kc3 Re6 62. Kd3 1/2-1/2

[Event "IND-chB 49th"]
[Site "Aurangabad"]
[Date "2011.06.23"]
[Round "10"]
[White "Ashwin, Jayaram"]
[Black "Syed Anwar, Shazuli"]
[Result "1/2-1/2"]
[WhiteElo "2439"]
[BlackElo "2282"]
[PlyCount "82"]
[EventDate "2011.06.16"]
[EventType "swiss"]
[EventRounds "13"]
[EventCountry "IND"]
[SourceTitle "CBM 143 Extra"]
[Source "ChessBase"]
[SourceDate "2011.08.29"]
[SourceVersion "1"]
[SourceVersionDate "2011.08.29"]
[SourceQuality "1"]

1. d4 d5 2. c4 c6 3. Nf3 Nf6 4. Nc3 a6 5. g3 g6 6. Bg2 Bg7 7. cxd5 cxd5 8. 0-0 0-0 9. Ne5 Nbd7 10. f4 e6 11. a4 b6 12. b4 Bb7 13. Ba3 Rc8 14. Qd3 Re8 15. b5 a5 16. Rac1 Bf8 17. Nb1 Nxe5 18. fxe5 Ne4 19. Bxf8 Rxf8 20. Qa3 Qg5 21. e3 h5 22. Rxc8 Rxc8 23. Rc1 h4 24. Rxc8+ Bxc8 25. Qc1 Bb7 26. Bxe4 dxe4 27. Kg2 Bd5 28. Nc3 Qf5 29. Qf1 Qxf1+ 30. Kxf1 hxg3 31. h4 g5 32. hxg5 Kg7 33. Kg2 Kg6 34. Kh3 Kh5 35. Kg2 Kg6 36. Kh3 Kh5 37. g6 Kxg6 38. Kg2 Kf5 39. Kxg3 Kg5 40. Kh3 Kh5 41. Kg3 Kg5 1/2-1/2

[Event "IND-chB 49th"]
[Site "Aurangabad"]
[Date "2011.06.19"]
[Round "6"]
[White "Syed Anwar, Shazuli"]
[Black "Murali Krishnan, BT."]
[Result "1-0"]
[WhiteElo "2282"]
[BlackElo "2363"]
[PlyCount "89"]
[EventDate "2011.06.16"]
[EventType "swiss"]
[EventRounds "13"]
[EventCountry "IND"]
[SourceTitle "CBM 143 Extra"]
[Source "ChessBase"]
[SourceDate "2011.08.29"]
[SourceVersion "1"]
[SourceVersionDate "2011.08.29"]
[SourceQuality "1"]

1. d4 d5 2. Nf3 c5 3. e3 Nf6 4. b3 Nc6 5. Bb2 Bg4 6. Nbd2 e6 7. h3 Bxf3 8. Nxf3 cxd4 9. exd4 Qa5+ 10. c3 Ne4 11. Qc1 Rc8 12. a3 Qb6 13. Qd1 Na5 14. b4 Nd6 15. Qa4+ Nc6 16. Bd3 Be7 17. 0-0 0-0 18. Qc2 h6 19. Qe2 Bf6 20. Nh2 Nb8 21. Ng4 Nd7 22. Rad1 Rfe8 23. Bb1 h5 24. Ne3 g6 25. g4 hxg4 26. hxg4 Kg7 27. Kg2 Rh8 28. Rh1 Bg5 29. Bd3 Nf6 30. f3 Qc7 31. Rxh8 Rxh8 32. Rh1 Rxh1 33. Kxh1 Nd7 34. Ng2 Nb6 35. f4 Be7 36. f5 Na4 37. fxg6 fxg6 38. Nf4 Qc8 39. Nxe6+ Kf7 40. Nf4 Nxb2 41. Bxg6+ Kf8 42. Qe5 Nf7 43. Ne6+ Ke8 44. Bxf7+ Kxf7 45. Qh5+ 1-0

[Event "Jalgaon op"]
[Site "Jalgaon"]
[Date "2010.11.26"]
[Round "6"]
[White "Mithil, Ajgaonkar"]
[Black "Syed Anwar, Shazuli"]
[Result "1/2-1/2"]
[WhiteElo "2112"]
[BlackElo "2259"]
[PlyCount "83"]
[EventDate "2010.11.23"]
[EventType "swiss"]
[EventRounds "11"]
[EventCountry "IND"]
[SourceTitle "CBM 139 Extra"]
[Source "ChessBase"]
[SourceDate "2011.01.05"]
[SourceVersion "1"]
[SourceVersionDate "2011.01.05"]
[SourceQuality "1"]

1. d4 d5 2. c4 e6 3. Nc3 Nf6 4. Bg5 c6 5. cxd5 exd5 6. e3 Be7 7. Bd3 Ne4 8. Bxe7 Qxe7 9. Qc2 Nxc3 10. Qxc3 Bg4 11. Ne2 Bxe2 12. Bxe2 Nd7 13. b4 0-0 14. 0-0 a6 15. a4 Rfc8 16. Bg4 g6 17. Rfc1 f5 18. Bf3 Nf6 19. Qb2 Rc7 20. b5 axb5 21. axb5 Rac8 22. bxc6 bxc6 23. Ra6 Kg7 24. Rb6 Qd6 25. g3 Ng8 26. Qc3 Ne7 27. Ra1 Rd7 28. Qb2 Rdd8 29. Ra7 Rc7 30. Rbb7 Rcd7 31. Rxd7 Rxd7 32. Rxd7 Qxd7 33. Qb8 Qc8 34. Qa7 Qd8 35. h4 Qd6 36. Qa8 Qc7 37. Kg2 Qc8 38. Qa7 Kf6 39. Qb6 h6 40. Be2 g5 41. hxg5+ hxg5 42. Qb4 1/2-1/2

[Event "IND-chA"]
[Site "Mumbai"]
[Date "2009.12.07"]
[Round "7"]
[White "Ramnath, Bhuvanesh R"]
[Black "Syed Anwar, Shazuli"]
[Result "1/2-1/2"]
[WhiteElo "2372"]
[BlackElo "2360"]
[PlyCount "65"]
[EventDate "2009.12.01"]
[EventType "swiss"]
[EventRounds "13"]
[EventCountry "IND"]
[SourceTitle "CBM 133 Extra"]
[Source "ChessBase"]
[SourceDate "2010.01.05"]
[SourceVersion "1"]
[SourceVersionDate "2010.01.05"]
[SourceQuality "1"]

1. e4 c6 2. d4 d5 3. exd5 cxd5 4. c4 Nf6 5. Nc3 Nc6 6. Nf3 Bg4 7. cxd5 Nxd5 8. Qb3 Bxf3 9. gxf3 Nb6 10. d5 Nd4 11. Bb5+ Nd7 12. Qa4 Nxb5 13. Qxb5 g6 14. 0-0 Bg7 15. Bg5 0-0 16. d6 f6 17. Be3 exd6 18. Rfd1 Ne5 19. Qxb7 f5 20. f4 Ng4 21. Bd4 Bxd4 22. Rxd4 Rb8 23. Qd5+ Rf7 24. Rb1 Qh4 25. Qg2 Rc7 26. Rd3 Nf6 27. Qg3 Qg4 28. f3 Qxg3+ 29. hxg3 Kf7 30. b3 Rbc8 31. Nb5 Rc1+ 32. Rxc1 Rxc1+ 33. Kf2 1/2-1/2

[Event "IND-chA"]
[Site "Mumbai"]
[Date "2009.12.04"]
[Round "4"]
[White "Syed Anwar, Shazuli"]
[Black "Anurag, Mhamal"]
[Result "1/2-1/2"]
[WhiteElo "2360"]
[BlackElo "2222"]
[PlyCount "62"]
[EventDate "2009.12.01"]
[EventType "swiss"]
[EventRounds "13"]
[EventCountry "IND"]
[SourceTitle "CBM 133 Extra"]
[Source "ChessBase"]
[SourceDate "2010.01.05"]
[SourceVersion "1"]
[SourceVersionDate "2010.01.05"]
[SourceQuality "1"]

1. d4 e6 2. g3 c5 3. c3 Nf6 4. Bg2 Nc6 5. Nf3 d5 6. 0-0 Bd6 7. Bf4 0-0 8. Nbd2 Qc7 9. Bxd6 Qxd6 10. Re1 b6 11. e4 Nxe4 12. Nxe4 dxe4 13. Rxe4 Bb7 14. dxc5 Qxc5 15. Re2 Rfd8 16. Rd2 Rxd2 17. Nxd2 Rd8 18. Qe2 Qe5 19. Ne4 Kf8 20. Rd1 Ke7 21. f4 Rxd1+ 22. Qxd1 Qd5 23. Qxd5 exd5 24. Nd2 Kd6 25. Kf2 Bc8 26. Ke3 Be6 27. Nb3 d4+ 28. Nxd4 Nxd4 29. Kxd4 Bxa2 30. c4 Bb3 31. Kc3 Ba4 1/2-1/2

[Event "IND-chA"]
[Site "Mumbai"]
[Date "2009.12.03"]
[Round "3"]
[White "Thipsay, Praveen Mahadeo"]
[Black "Syed Anwar, Shazuli"]
[Result "1-0"]
[WhiteElo "2466"]
[BlackElo "2360"]
[PlyCount "84"]
[EventDate "2009.12.01"]
[EventType "swiss"]
[EventRounds "13"]
[EventCountry "IND"]
[SourceTitle "CBM 133 Extra"]
[Source "ChessBase"]
[SourceDate "2010.01.05"]
[SourceVersion "1"]
[SourceVersionDate "2010.01.05"]
[SourceQuality "1"]

1. e4 c6 2. d4 d5 3. Nc3 dxe4 4. Nxe4 Bf5 5. Ng3 Bg6 6. h4 h6 7. Nf3 Nd7 8. h5 Bh7 9. Bd3 Bxd3 10. Qxd3 e6 11. Bf4 Qa5+ 12. Bd2 Bb4 13. c3 Be7 14. c4 Qc7 15. 0-0-0 b5 16. c5 Ngf6 17. Kb1 Rd8 18. Qe2 Nd5 19. Ne4 N7f6 20. Ne5 Nxe4 21. Qxe4 Bf6 22. Ng4 Rd7 23. Rh3 Re7 24. Rf3 Bg5 25. Ne5 Bxd2 26. Rxd2 0-0 27. Rg3 f5 28. Qf3 Rc8 29. Rg6 Qa5 30. Rd1 Qa4 31. g4 f4 32. g5 hxg5 33. Rxg5 Nb4 34. a3 Qc2+ 35. Ka1 Nd5 36. Rdg1 b4 37. h6 bxa3 38. Rxg7+ Rxg7 39. Rxg7+ Kf8 40. Qxa3 Qd1+ 41. Ka2 Qxd4 42. Qxa7 Nc7 1-0

[Event "Chennai State-ch 56th"]
[Site "Chennai"]
[Date "2008.06.19"]
[Round "6"]
[White "Syed Anwar, Shazuli"]
[Black "Maheswaran, Palsamy"]
[Result "0-1"]
[WhiteElo "2267"]
[BlackElo "2241"]
[PlyCount "88"]
[EventDate "2008.06.16"]
[EventType "swiss"]
[EventRounds "10"]
[EventCountry "IND"]
[SourceTitle "CBM 125 Extra"]
[Source "ChessBase"]
[SourceDate "2008.09.01"]
[SourceVersion "1"]
[SourceVersionDate "2008.09.01"]
[SourceQuality "1"]

1. d4 Nf6 2. Nf3 e6 3. e3 d5 4. c4 c6 5. Nc3 Nbd7 6. Bd3 Bd6 7. 0-0 0-0 8. e4 dxc4 9. Bxc4 e5 10. Bg5 h6 11. Bh4 Qe7 12. Bg3 Nh5 13. dxe5 Bc5 14. Kh1 Nxg3+ 15. fxg3 Nb6 16. Bb3 Bg4 17. h3 Rad8 18. Qe2 Be6 19. Bxe6 Qxe6 20. Rad1 Nd7 21. Rd3 Nxe5 22. Nxe5 Qxe5 23. Rf5 Qe7 24. Rff3 Rxd3 25. Rxd3 Bb6 26. g4 Re8 27. Qd1 Qe5 28. a3 Bc7 29. g3 b5 30. Kg2 a5 31. Qb3 Re6 32. Re3 Qd4 33. Ne2 Qd2 34. Qc3 Rd6 35. Kf3 Rf6+ 36. Kg2 Rd6 37. Kf3 Qd1 38. Qc1 Bb6 39. Qxd1 Rxd1 40. Nc3 Rd2 41. Re2 Rd3+ 42. Kg2 Bd4 43. Rc2 Bxc3 44. bxc3 a4 0-1

[Event "IND-ch 44th"]
[Site "Atul"]
[Date "2006.12.28"]
[Round "12"]
[White "Syed Anwar, Shazuli"]
[Black "Murali Krishnan, BT."]
[Result "1/2-1/2"]
[WhiteElo "2241"]
[BlackElo "2364"]
[PlyCount "81"]
[EventDate "2006.12.18"]
[EventType "swiss"]
[EventRounds "13"]
[EventCountry "IND"]
[SourceTitle "CBM 115 Extra"]
[Source "ChessBase"]
[SourceDate "2007.01.10"]
[SourceVersion "1"]
[SourceVersionDate "2007.01.10"]
[SourceQuality "1"]

1. d4 d5 2. c4 dxc4 3. e3 Nf6 4. Bxc4 e6 5. Nc3 c5 6. Nf3 a6 7. dxc5 Qxd1+ 8. Kxd1 Bxc5 9. a3 b5 10. Bd3 Bb7 11. b4 Bd6 12. Ke2 Nbd7 13. Bb2 Ke7 14. h3 Rhc8 15. Rhc1 Nb6 16. g4 h6 17. Nd2 Rc7 18. Nce4 Rac8 19. Rxc7+ Rxc7 20. Nxd6 Kxd6 21. f4 Ke7 22. Bd4 Na4 23. g5 hxg5 24. fxg5 Ne8 25. Nb3 f6 26. gxf6+ Nxf6 27. h4 Kf7 28. Rc1 Rxc1 29. Nxc1 Nd7 30. Nb3 e5 31. Ba7 Bd5 32. Nd2 Nb2 33. Bf5 Ke7 34. Bxd7 Kxd7 35. e4 Bf7 36. Bb8 Nc4 37. Nxc4 Bxc4+ 38. Ke3 Ke6 39. Bc7 g6 40. Bb8 Bb3 41. Bc7 1/2-1/2

[Event "IND-ch 44th"]
[Site "Atul"]
[Date "2006.12.25"]
[Round "9"]
[White "Syed Anwar, Shazuli"]
[Black "Abhishek, Das"]
[Result "1-0"]
[WhiteElo "2241"]
[BlackElo "2307"]
[PlyCount "113"]
[EventDate "2006.12.18"]
[EventType "swiss"]
[EventRounds "13"]
[EventCountry "IND"]
[SourceTitle "CBM 115 Extra"]
[Source "ChessBase"]
[SourceDate "2007.01.10"]
[SourceVersion "1"]
[SourceVersionDate "2007.01.10"]
[SourceQuality "1"]

1. d4 d5 2. c4 e6 3. Nc3 Nf6 4. Nf3 Be7 5. Bf4 0-0 6. e3 c6 7. Rc1 Nbd7 8. cxd5 exd5 9. Bd3 Re8 10. 0-0 Nf8 11. Qc2 Ng6 12. Bg5 Ne4 13. Bxe4 dxe4 14. Bxe7 Qxe7 15. Nd2 f5 16. Rce1 b6 17. f3 Ba6 18. Rf2 Bd3 19. Qb3+ Kh8 20. Ne2 f4 21. Nc1 Qg5 22. Nxe4 Bxe4 23. exf4 Qa5 24. Rxe4 Rxe4 25. fxe4 Qe1+ 26. Rf1 Qxe4 27. Qd3 Qd5 28. Nb3 Nh4 29. Qg3 Nf5 30. Qf3 Qxf3 31. Rxf3 Rd8 32. Rc3 Nxd4 33. Nxd4 Rxd4 34. Rxc6 h6 35. Rc8+ Kh7 36. Rc7 Rxf4 37. Rxa7 Rc4 38. h3 Rc2 39. b3 Rb2 40. Kh2 Kg6 41. Kg3 Kf6 42. Kf3 h5 43. Ra6 Kf5 44. g3 g6 45. Ra4 Rc2 46. Rf4+ Ke5 47. Re4+ Kf5 48. a4 Rb2 49. Rb4 Rc2 50. Rb5+ Kf6 51. Rxb6+ Kf5 52. Rb5+ Kf6 53. h4 Rc3+ 54. Kf4 Rc1 55. Rb6+ Kf7 56. a5 Rf1+ 57. Ke3 1-0

[Event "IND-ch 44th"]
[Site "Atul"]
[Date "2006.12.21"]
[Round "5"]
[White "Prathamesh, Sunil Mokal"]
[Black "Syed Anwar, Shazuli"]
[Result "1-0"]
[WhiteElo "2335"]
[BlackElo "2241"]
[PlyCount "141"]
[EventDate "2006.12.18"]
[EventType "swiss"]
[EventRounds "13"]
[EventCountry "IND"]
[SourceTitle "CBM 115 Extra"]
[Source "ChessBase"]
[SourceDate "2007.01.10"]
[SourceVersion "1"]
[SourceVersionDate "2007.01.10"]
[SourceQuality "1"]

1. e4 c6 2. d4 d5 3. exd5 cxd5 4. c4 Nf6 5. Nc3 e6 6. Nf3 Bb4 7. cxd5 Nxd5 8. Bd2 0-0 9. Bd3 Be7 10. 0-0 Nc6 11. Qe2 Ndb4 12. Bb1 b6 13. a3 Nd5 14. Nxd5 exd5 15. Bf4 g6 16. Qb5 Bb7 17. Ba2 Bf6 18. Rfd1 Ne7 19. Rac1 Rc8 20. Rxc8 Qxc8 21. Rc1 Qf5 22. Bh6 Rc8 23. Re1 Rd8 24. h3 Bc6 25. Qe2 Qh5 26. Qd2 Bd7 27. Bg5 Bxg5 28. Nxg5 h6 29. Rxe7 Qxg5 30. Qxg5 hxg5 31. Bxd5 Be8 32. Bf3 Kf8 33. Rxa7 Rxd4 34. Rb7 b5 35. b4 Rd3 36. Ra7 Bd7 37. Ra5 Ke7 38. Be2 Rb3 39. Bxb5 Bxb5 40. Rxb5 Rxa3 41. Rxg5 Rb3 42. Rb5 Rb2 43. Rb6 Rb1+ 44. Kh2 Rb3 45. g3 Kf8 46. h4 Kg7 47. Kh3 Rf3 48. Kg2 Rb3 49. Rb8 Kh7 50. b5 Kg7 51. b6 Kh7 52. g4 Kg7 53. h5 gxh5 54. gxh5 Rb5 55. b7 Rb3 56. Kf1 Rb2 57. Ke1 Kh7 58. Kd1 Kg7 59. Kc1 Rb5 60. Kc2 Rb6 61. Kc3 Rb1 62. Kd4 Rb5 63. Kc4 Rb1 64. Kd5 Rd1+ 65. Ke5 Rb1 66. h6+ Kh7 67. Kf6 Rb2 68. f4 Rb4 69. f5 Rb5 70. Ke7 Re5+ 71. Kd6 1-0

[Event "IND-ch 44th"]
[Site "Atul"]
[Date "2006.12.20"]
[Round "3"]
[White "Kamble, Vikramaditya"]
[Black "Syed Anwar, Shazuli"]
[Result "1/2-1/2"]
[WhiteElo "2346"]
[BlackElo "2241"]
[PlyCount "64"]
[EventDate "2006.12.18"]
[EventType "swiss"]
[EventRounds "13"]
[EventCountry "IND"]
[SourceTitle "CBM 115 Extra"]
[Source "ChessBase"]
[SourceDate "2007.01.10"]
[SourceVersion "1"]
[SourceVersionDate "2007.01.10"]
[SourceQuality "1"]

1. d4 d5 2. c4 e6 3. Nc3 Nf6 4. cxd5 exd5 5. Bg5 Be7 6. e3 c6 7. Qc2 h6 8. Bh4 Nbd7 9. Bd3 0-0 10. Nf3 Re8 11. 0-0 Ne4 12. Bxe4 Bxh4 13. Bh7+ Kh8 14. Nxh4 Qxh4 15. Bd3 Qe7 16. Rae1 Nf6 17. f3 Be6 18. a3 Rad8 19. b4 Bc8 20. Qa4 a6 21. Bb1 Qd6 22. Qc2 g6 23. Qd2 Kg7 24. Rd1 a5 25. Na4 axb4 26. axb4 Re7 27. Qc3 Rde8 28. Rde1 Kg8 29. Qd2 Kg7 30. Re2 Qb8 31. Nc3 Qd6 32. Na4 Qb8 1/2-1/2

[Event "Tamil Nadu State-ch 54th"]
[Site "Chennai"]
[Date "2006.05.28"]
[Round "9"]
[White "Vishnu, Prasanna V"]
[Black "Syed Anwar, Shazuli"]
[Result "1/2-1/2"]
[WhiteElo "2011"]
[BlackElo "2293"]
[PlyCount "67"]
[EventDate "2006.05.20"]
[EventType "swiss"]
[EventRounds "11"]
[EventCountry "IND"]
[SourceTitle "EXT 2010"]
[Source "ChessBase"]
[SourceDate "2010.11.25"]
[SourceVersion "1"]
[SourceVersionDate "2010.11.25"]
[SourceQuality "1"]

1. e4 c6 2. d4 d5 3. e5 Bf5 4. Nf3 e6 5. Be2 Nd7 6. 0-0 h6 7. b3 g5 8. c4 Ne7 9. Na3 Bg6 10. Nc2 Nf5 11. Ne3 Be7 12. Bd3 Nxe3 13. Bxe3 Bxd3 14. Qxd3 dxc4 15. bxc4 c5 16. d5 g4 17. Nd2 Nxe5 18. Qe4 Nd7 19. dxe6 Nf6 20. Qxb7 fxe6 21. Rad1 Qc8 22. Qb1 Kf7 23. Ne4 Rb8 24. Qc2 Qc6 25. f3 Kg7 26. Bd2 Nxe4 27. fxe4 Rhf8 28. Qc1 Rxf1+ 29. Rxf1 Qxe4 30. Bc3+ Kg6 31. Re1 Qf5 32. Rf1 Qe4 33. Re1 Qf5 34. Rf1 1/2-1/2

[Event "United Insurance 8th"]
[Site "Dhaka"]
[Date "2005.04.05"]
[Round "1"]
[White "Ganguly, Surya Shekhar"]
[Black "Syed Anwar, Shazuli"]
[Result "1/2-1/2"]
[WhiteElo "2583"]
[BlackElo "2305"]
[PlyCount "125"]
[EventDate "2005.04.05"]
[EventType "swiss"]
[EventRounds "11"]
[EventCountry "BAN"]
[SourceTitle "CBM 105 Extra"]
[Source "ChessBase"]
[SourceDate "2005.05.01"]
[SourceVersion "1"]
[SourceVersionDate "2005.05.01"]
[SourceQuality "1"]

1. e4 c6 2. d4 d5 3. f3 g6 4. Nc3 Bg7 5. Be3 dxe4 6. fxe4 Nf6 7. Nf3 Ng4 8. Bg5 f6 9. Bf4 e5 10. dxe5 Qxd1+ 11. Rxd1 Nxe5 12. Nxe5 fxe5 13. Bg5 Be6 14. Rd6 Bd7 15. Bc4 Bf8 16. Rd3 Be7 17. Bh6 Bf8 18. Be3 b5 19. Bb3 Be7 20. 0-0 Rf8 21. Rfd1 g5 22. h3 h5 23. R1d2 h4 24. Rd1 g4 25. Bh6 Rf6 26. Bg5 Rg6 27. Bxe7 Kxe7 28. hxg4 Bxg4 29. Rf1 Rg7 30. Nd5+ cxd5 31. Bxd5 Be2 32. Bxa8 Bxd3 33. cxd3 h3 34. Rf2 Kd6 35. b4 Rxg2+ 36. Rxg2 hxg2 37. Kxg2 Na6 38. a3 Nc7 39. Bb7 Ne6 40. Ba6 Nd4 41. Kg3 Ke7 42. Kg4 Kf6 43. Kh5 Nc2 44. Bxb5 Nxa3 45. Ba4 Nb1 46. Kh6 Nc3 47. Bb3 Nb5 48. Kh7 Nd4 49. Bc4 Nc6 50. b5 Nd4 51. Kg8 Ke7 52. Kg7 Nf3 53. Kg6 Nd4 54. Kg5 Kd7 55. Kf6 Kd6 56. Kg7 Ke7 57. Kg6 Ne2 58. Kf5 Kd6 59. Kg5 Ke7 60. Bb3 Nd4 61. Bc4 Ne2 62. Bd5 Nf4 63. Bc4 1/2-1/2

[Event "Chennai WinTV op 1st"]
[Site "Chennai"]
[Date "2004.01.31"]
[Round "12"]
[White "Syed Anwar, Shazuli"]
[Black "Nasir Ali, Syed"]
[Result "1/2-1/2"]
[WhiteElo "2280"]
[BlackElo "2190"]
[PlyCount "102"]
[EventDate "2004.01.21"]
[EventType "swiss"]
[EventRounds "13"]
[EventCountry "IND"]
[SourceTitle "CBM 098 Extra"]
[Source "ChessBase"]
[SourceDate "2004.03.10"]
[SourceVersion "2"]
[SourceVersionDate "2004.03.10"]
[SourceQuality "1"]

1. d4 d5 2. Nf3 Nf6 3. Bf4 e6 4. e3 c5 5. c3 Nc6 6. Bd3 Bd6 7. Bg3 Qe7 8. Nbd2 e5 9. dxe5 Nxe5 10. Nxe5 Bxe5 11. Bxe5 Qxe5 12. Bb5+ Kf8 13. Nf3 Qe7 14. 0-0 g6 15. Be2 Kg7 16. c4 dxc4 17. Bxc4 Be6 18. Qb3 Bxc4 19. Qxc4 Rhd8 20. a4 Rd5 21. Rfe1 Qe4 22. Rac1 Qxc4 23. Rxc4 b6 24. b4 cxb4 25. Rxb4 Rc8 26. Nd4 h5 27. h3 Rd7 28. Rb5 Nd5 29. Rd1 Nf6 30. g4 hxg4 31. hxg4 Kg8 32. g5 Ne4 33. Re5 Nc3 34. Ra1 Rc5 35. Re8+ Kg7 36. f4 Nd5 37. Rd1 Re7 38. Rxe7 Nxe7 39. Nb5 Nd5 40. Kf2 a6 41. Nd6 Nc3 42. Rd4 Rc6 43. Ne8+ Kf8 44. Nf6 Ke7 45. e4 b5 46. axb5 axb5 47. Ke3 Rd6 48. Rb4 Nd1+ 49. Kf3 Nc3 50. Ke3 Nd1+ 51. Kf3 Nc3 1/2-1/2